000 00615nam a2200157 i 4500
001 62917
003 ES-MaACL
005 20230906164742.0
007 t|
008 031126s1918 sp ||||1| spa d
100 1 _aFernández Criado, Miguel.
_949604
245 1 0 _aProyecto de Montepío como medio de unión de las clases médica y farmaceútica españolas
_b: proposición dirigida al Colegio de Médicos de Madrid, publicada en "La Medicina Ibera" /
_cMiguel Fernández Criado.
260 _aMadrid :
_b[s.n.,
_c] 1918 (
_fEst. Tip. de Antonio Marzo)
300 _a31 p. ;
_c18 cm.
852 _aES-MaACL
_j1489-F-17
999 _c62917
_d62917